House prices slow (Record no. 117656)

MARC details
000 -LEADER
fixed length control field 01089cam a2200241 4500
001 - CONTROL NUMBER
control field WB@3612-440
008 - FIXED-LENGTH DATA ELEMENTS--GENERAL INFORMATION
fixed length control field 040706n2004 000 0 eng u
035 ## - SYSTEM CONTROL NUMBER
System control number (Sirsi) u126719
245 ## - TITLE STATEMENT
Title House prices slow
260 ## - PUBLICATION, DISTRIBUTION, ETC.
Date of publication, distribution, etc. 2004
490 ## - SERIES STATEMENT
Series statement Halifax Press Release
Volume/sequential designation 2 July 2004 (5)
520 ## - SUMMARY, ETC.
Summary, etc. Latest figures from Halifax show that house prices increased by 1.2% in June, the smallest rise since last November and below the average monthly rise of 2.1% in the preceding six months. The north-south divide narrowed further in the second quarter of the year as northern England experienced the strongest house price inflation. Halifax forecast that the higher cost of borrowing together with the difficulties facing first-time buyers would contribute to slower UK house price inflation.
590 ## - LOCAL NOTE (RLIN)
Local note WB
590 ## - LOCAL NOTE (RLIN)
Local note WB
650 ## - SUBJECT ADDED ENTRY--TOPICAL TERM
Topical term or geographic name entry element HALIFAX HOUSE PRICE INDEX
650 ## - SUBJECT ADDED ENTRY--TOPICAL TERM
Topical term or geographic name entry element HOUSE PRICE INFLATION
650 ## - SUBJECT ADDED ENTRY--TOPICAL TERM
Topical term or geographic name entry element HOUSE PRICES
650 ## - SUBJECT ADDED ENTRY--TOPICAL TERM
Topical term or geographic name entry element AFFORDABILITY
650 ## - SUBJECT ADDED ENTRY--TOPICAL TERM
Topical term or geographic name entry element PROPERTY TRANSACTIONS
650 ## - SUBJECT ADDED ENTRY--TOPICAL TERM
Topical term or geographic name entry element NORTH-SOUTH DIVIDE
690 ## - LOCAL SUBJECT ADDED ENTRY--TOPICAL TERM (OCLC, RLIN)
Topical term or geographic name as entry element HOUSING-HOUSE PRICES
942 ## - ADDED ENTRY ELEMENTS (KOHA)
Suppress in OPAC 0
Holdings
Withdrawn status Lost status Source of classification or shelving scheme Damaged status Not for loan Home library Current library Shelving location Date acquired Total Checkouts Full call number Barcode Date last seen Copy number Price effective from Koha item type
    Dewey Decimal Classification     London London News article 06/07/2004   WB4026-12 126719-1001 06/08/2019 1 06/08/2019 News article